000 00275nam a2200109Ia 4500
008 230907s9999||||xx |||||||||||||| ||und||
082 _a621.406
_bHAN
245 0 _aHandbook of turbomachinery /
260 _aMarcel Dekker,
_bNew York :
_c2018
300 _a907 p.
942 _cBK
999 _c601411
_d601411